000 01205nam a22002777a 4500
001 9032
003 FISKH
005 20251117083506.0
008 251117b cb ||||| |||| 00| 0 eng d
020 _a9782070514366
040 _aFISKH
_bfre
_cFISKH
_dFISKH
050 _aPQ2469.T7 E5
082 _a843.8
100 _aVerne, Jules
245 _aLe tour du monde en quatre-vingts jours /
_cBy Jules Verne
260 _aParis :
_bGallimard,
_c1981.
300 _a333 pages :
_billustrations ;
_c18 cm .
490 _a Folio junior édition spéciale
520 _aClassic Literature. Fiction. HTML:An unmarried by mathematically precise Englishman dismisses his valet for heating his shaving water two degrees cooler than usual. He hires a French valet to replace him and the two of them set off to travel around the world in eighty days - a supposedly possible feat, now that the Indian railways have been built. If they succeed they will win a fortune off the other members of the Reform Club.
650 _aAdventure
_vFiction
650 _a19 th century
_vFiction
700 _aNeuville, C.
_eIllustrator
700 _aBenett, L.
_eIllustrator
942 _2ddc
_cBK
_n0
999 _c9032
_d9032